The Bulletin of National Institute of Biological Resources (Registro nro. 8741)

Detalles MARC
000 -CABECERA
Campo de control 00847nam a22002297a 4500
005 - FECHA Y HORA DE LA ULTIMA TRANSACCION
Campo de control 20170522170444.0
008 - ELEMENTOS DE LONGITUD FIJA—INFORMACION GENERAL
Campo de control 141001c19119999ko qr p r 0 0a0eng d
022 ## - ISSN
ISSN 2093-8209
040 ## - FUENTE DE CATALOGACIÓN
Agencia catalogadora original CO-BoIAVH
Agencia transcriptora CO-BoIAVH
041 0# - IDIOMA
Código de idioma para texto/pista de sonido o título separado Inglés
082 04 - NUMERO DE CLASIFICACION DECIMAL DEWEY
Número de clasificación 919
245 03 - MENCION DE TITULO
Título The Bulletin of National Institute of Biological Resources
246 04 - FORMA VARIANTE DEL TITULO
Título propiamente dicho/forma breve del título Bulletin
Parte restante del título National Institute of Biological Resources
260 ## - PUBLICACION, DISTRIBUCION, ETC. (PIE DE IMPRENTA)
Lugar de publicación, distribución, etc. Korea :
Nombre del editor, distribuidor, etc. National Instituto of Biological Resources - NIBR
Fecha de publicación, distribución, etc. 2011.
300 ## - DESCRIPCION FISICA
Extensión v.
Dimensiones 28 cm.
650 #4 - ASIENTO SECUNDARIO DE MATERIA - TERMINO TEMATICO
Término temático o nombre geográfico como elemento de entrada Recursos Naturales
Subdivisión geográfica Korea
Subdivisión de forma Publicaciones seriadas.
651 #4 - ASIENTO SECUNDARIO DE MATERIA - NOMBRE GEOGRAFICO
Nombre geográfico Korea
Subdivisión de forma Publicaciones seriadas.
700 1# - ASIENTO SECUNDARIO - NOMBRE PERSONAL
Nombre personal Kim, Chong-Chum
Término de relación pub.
710 2# - ASIENTO SECUNDARIO - NOMBRE CORPORATIVO
Nombre corporativo o de jurisdicción como elemento de entrada National Instituto of Biological Resources
856 ## - LOCALIZACION Y ACCESO ELECTRONICOS
Identificador Uniforme del Recurso http://www.nibr.go.kr/eng/board/article_list.jsp?board_no=67&menuTop=5
942 ## - ELEMENTOS ADICIONALES (KOHA)
Sistema de clasificación Local
Tipo de ítem Periodica o revista
Existencias
Withdrawn status Lost status Sistema de Clasificación Damaged status No para préstamo Colección Fecha publicación (Año) Volumen revista Número revista Inventariado Ubicación Permanente Ubicación actual Fecha de adquisición Datos de publicación Seriada Total Checkouts Número topográfico Inventario / Código de Barras Date last seen Ejemplar Price effective from Forma de adquisición Tipo de material
    Local     Hemeroteca 2011 2 2 Inventariado 2017 Bogotá Bogotá 01/10/2014 Vol 2, Nro 2 (01/07/2011)   SE 038394 01/10/2014 Ej. 1 01/10/2014 Donación Periodica o revista